00351nam a22000977a 4500082001000000100004300010245011500053260005200168300001900220650001400239 a621.4 aReganal seeminar on blomass production aReganal seeminar on blomass production under the auspices of south asian association for regional cooperation  aBangalades bScience &Technology divisionc1985 a159p,(iii-xxx) aChemistry